| 000 | 00579nam a22002052 4500 | ||
|---|---|---|---|
| 001 | 0000011702 | ||
| 005 | 20151217155846.0 | ||
| 008 | 090105s xx 000 0 eng d | ||
| 040 |
_aKABU _cKABU |
||
| 100 | 1 |
_aGollock, G. A. _@0000167676 |
|
| 245 | 1 | 0 |
_aDaughters of Africa / _cG. A. Gollock. |
| 250 | _a1st ed. | ||
| 260 |
_aLondon : _bLongmans, _c1932. |
||
| 300 | _axiv, 175 p. | ||
| 650 | 0 |
_aWomen _zAfrica. _@0000167677 |
|
| 650 | 0 |
_aBlacks _zAfrica. _@0000167678 |
|
| 852 | 1 | _9p200 KES | |
| 908 | _a090105 | ||
| 950 | _@1 | ||
| 999 |
_c13343 _d13343 |
||